[Event "Re-Match"]
[Site "http://www.queenalice.com/game.php?id=334480"]
[Date "2008.1.11"]
[Round "-"]
[White "Red1"]
[Black "vanchamp"]
[Result "0-1"]
[WhiteElo "1237"]
[BlackElo "1058"]

1. d4 d5 2. c4 dxc4 3. e4 c6 4. Bxc4 Nf6 5. Bd3 b5 6. Be3 Na6 7. Bf4 h6 8. e5
Nh5 9. Be3 Nf6 10. Nc3 b4 11. Na4 Rb8 12. Nc5 Nxc5 13. Bc4 Nce4 14. Bd3 b3 15.
axb3 h5 16. exf6 gxf6 17. Bxe4 Rb4 18. d5 Rxe4 19. Qe2 a5 20. Qf3 cxd5 21. h4
Bh6 22. b4 axb4 23. Ne2 Bxe3 24. fxe3 Bd7 25. Rh3 f5 26. Rg3 f4 27. Rg5 f5 28.
Ra5 Qxa5 29. Rxf5 Bc6 30. Rxf4 b3+ 31. Kf2 e5 32. Rf6 Kd7 33. Rxc6 Kxc6 34. Nc3
Qb4 35. Qf6+ Kc5 36. Qxh8 d4 37. Nxe4+ Kb5 38. Qxe5+ Ka4 39. Qxh5 d3 40. Qd5 d2
41. Ke2 Qb5+ 42. Kf3 Qxd5 43. Kf4 d1=Q 44. Nf6 Qd6+ 45. Kf5 Qf1+ 0-1

[Event "Challenge"]
[Site "http://www.queenalice.com/game.php?id=335098"]
[Date "2008.1.12"]
[Round "-"]
[White "vanchamp"]
[Black "CJ"]
[Result "0-1"]
[WhiteElo "1024"]
[BlackElo "1621"]

1. e4 e5 2. Bc4 Nh6 3. Qh5 g6 4. Qg5 Qxg5 5. Nf3 Qxg2 6. Nxe5 Qxh1+ 7. Ke2 Qxe4+
8. Kf1 Qxe5 9. Nc3 Bc5 10. b4 Qf5 11. Bd3 Qxf2# 0-1

[Event "Challenge"]
[Site "http://www.queenalice.com/game.php?id=337797"]
[Date "2008.1.17"]
[Round "-"]
[White "Yagaron"]
[Black "vanchamp"]
[Result "0-1"]
[WhiteElo "1087"]
[BlackElo "1024"]

1. d4 e5 2. dxe5 Nc6 3. Nf3 f6 4. exf6 gxf6 5. Bf4 Nge7 6. e3 Na5 7. Nh4 Rg8 8.
Qh5+ Rg6 9. Nxg6 Nac6 10. Nxe7+ Kxe7 11. Qxh7+ Ke8 0-1

[Event "Challenge"]
[Site "http://www.queenalice.com/game.php?id=358420"]
[Date "2008.2.21"]
[Round "-"]
[White "vanchamp"]
[Black "Atlantic_Starr"]
[Result "0-1"]
[WhiteElo "1158"]
[BlackElo "1372"]

1. e4 e5 2. Bc4 Nf6 3. Qf3 Be7 4. Qb3 d6 5. Bxf7+ Kf8 6. Nh3 Nxe4 7. Ng5 Nxg5 8.
h4 Nxf7 9. Rh3 Nc6 10. Rf3 Bf6 11. g4 h5 12. gxh5 Nd4 13. Qd3 Nxf3+ 14. Qxf3 a5
15. h6 Nxh6 16. Na3 Nf5 17. d4 Nxd4 18. Kd2 Nxf3+ 19. Ke2 Nd4+ 20. Kd1 Bf5 21.
Kd2 Rxh4 22. c4 Bg5+ 23. Kd1 Rh1# 0-1

[Event "Challenge"]
[Site "http://www.queenalice.com/game.php?id=380008"]
[Date "2008.3.31"]
[Round "-"]
[White "vanchamp"]
[Black "Dream_Attack"]
[Result "0-1"]
[WhiteElo "1190"]
[BlackElo "1120"]

1. e4 d5 2. exd5 Qxd5 3. Nc3 Qd4 4. Nge2 Qd8 5. Ng3 e5 6. Bc4 Nh6 7. O-O g6 8.
d4 exd4 9. Nce4 Bg7 10. c3 Nc6 11. Qb3 O-O 12. f4 Na5 13. Qb4 Nxc4 14. Qxc4 dxc3
15. f5 Nxf5 16. Nxf5 Bxf5 17. Nc5 cxb2 18. Bxb2 Bxb2 19. Rab1 Bd4+ 20. Qxd4
Qxd4+ 21. Rf2 Qxc5 22. a4 Bxb1 0-1

[Event "Challenge"]
[Site "http://www.queenalice.com/game.php?id=381113"]
[Date "2008.4.2"]
[Round "-"]
[White "vanchamp"]
[Black "Hagi"]
[Result "0-1"]
[WhiteElo "1169"]
[BlackElo "1364"]

1. e4 e5 2. d3 Nh6 3. f3 g6 4. h4 Bg7 5. c4 O-O 6. Nh3 Qxh4+ 7. Ke2 Nc6 8. Qe1
Nd4+ 9. Kd2 Qe7 10. Na3 d6 11. b4 Nc6 12. Ng5 Qxg5+ 13. f4 Qxf4+ 14. Kd1 Qg4+
15. Be2 Qxg2 16. Rg1 Qh3 17. Rg3 Qd7 18. Bg4 Nxg4 19. Rxg4 Qxg4+ 20. Qe2 Qg1+
21. Qe1 Bg4+ 22. Kd2 Bh6+ 23. Kc2 Qxe1 24. Nb1 Qxc1+ 25. Kb3 Bd1# 0-1